000 00780nam a2200217 i 4500
001 24482
003 ES-MaACL
005 20230906153045.0
007 t|
008 021217q1946 sp ||||1| spa d
100 1 _aAndreu Lázaro, Jesús.
_921643
245 1 0 _aDefensa del suelo agrícola /
_cpor J. Andreu Lázaro ; prólogo de Manuel de Goytia.
260 _a[Madrid] :
_bMinisterio de Agricultura,
_c[1946?] (
_fUguina)
300 _aXI, 124 p., 16 lám. :
_bil. ;
_c22 cm.
490 1 _aSección de Publicaciones, Prensa y Propaganda
700 1 _aGoytia, Manuel.
_959418
710 1 _aEspaña.
_bMinisterio de Agricultura.
_93837
830 0 _aSección de Publicaciones, Prensa y Propaganda
_9180914
852 _aES-MaACL
_jD-5837
_bR.29725
999 _c24482
_d24482